00361nam a2200157Ia 45000010006000000050017000060080041000230410008000640820016000721000034000882450025001222600009001473000031001566500008001876540008001951596020260306170234.0260306t2009||||xx |||||||||||||| ||und|| aESP a620.86bG49 aGiraldo García, AndreseAUT 0aSeguridad industrial c2009 ax, 151 páginas :c24 cm. aGEN aCII